Stolice Trudne - Statystyki

Ogólne statystyki
  • Ten quiz został rozwiązany 25 razy
  • Średni wynik to 16 z 43
Statystyki odpowiedzi
Hint Odpowiedź % Poprawnych
Iran Teheran
91%
Irak Bagdad
87%
Bahrajn Manama
61%
Tadżykistan Duszanbe
57%
Oman Maskat
57%
Uzbekistan Taszkent
57%
Turkmenistan Aszchabad
52%
Zambia Lusaka
52%
Czad Ndżamena
52%
Papua Nowa Gwinea Port Moresby
52%
Sudan Południowy Dżuba
48%
Sierra Leone Freetown
48%
Angola Luanda
48%
Niger Niamey
48%
Trynidad i Tobago Port of Spain
48%
Brunei Bandar Seri Begawan
43%
Zimbabwe Harare
43%
Surinam Paramaribo
43%
Gujana Georgetown
39%
Saint Vincent i Grenadyny Kingstown
39%
Liberia Monrovia
39%
Bahamy Nassau
39%
Fidzi Suva
39%
Mali Bamako
35%
Mauretania Nawakszut
35%
Burkina Faso Wagadugu
35%
Barbados Bridgetown
30%
Mauritius Port Louis
30%
Dominika Roseau
30%
Samoa Apia
26%
Wyspy Salomona Honiara
26%
Gwinea Równikowa Malabo
26%
Nauru Yaren
26%
Vanuatu Port Vila
22%
Kiribati Tarawa
22%
Saint Kitts i Nevis Basseterre
17%
Saint Lucia Castries
17%
Grenada Saint George's
17%
Wyspy Marshalla Majuro
13%
Palau Ngerulmud
13%
Mikronezja Palikir
13%
Tuvalu Funafuti
9%
Tonga Nuku'alofa
9%
Nie znaleziono quizów pasujących do podanych kryteriów
Rozkład punktacji
Procent ludzi z każdym wynikiem
Percentyl według liczby udzielonych odpowiedzi
Twoja historia wyników
Nie rozwiązałeś tego quizu